LIBRARY & INFORMATION CENTRE, KCAET, TAVANUR

ONLINE PUBLIC ACCESS CATALOGUE (OPAC)

World history : Our heritage / (Record no. 744)

MARC details
000 -LEADER
fixed length control field 00354cam a2200145ua 4500
041 ## - LANGUAGE CODE
Language code of text/sound track or separate title eng
082 ## - DEWEY DECIMAL CLASSIFICATION NUMBER
Classification number 930
Item number MUJ/WO
100 ## - MAIN ENTRY--AUTHOR NAME
Personal name Mujeeb, M .
245 ## - TITLE STATEMENT
Title World history : Our heritage /
260 ## - PUBLICATION, DISTRIBUTION, ETC. (IMPRINT)
Place of publication Mumbai :
Name of publisher Asia Publishing House ,
Year of publication 1960.
300 ## - PHYSICAL DESCRIPTION
Number of Pages 344 ; .
942 ## - ADDED ENTRY ELEMENTS (KOHA)
Koha item type Books
Holdings
Withdrawn status Lost status Damaged status Home library Current library Date acquired Full call number Accession Number Koha item type
Withdrawn     KAUAET Sanskrit University 07/04/2012 930 2586 Books
free website counter